| 000 | 00727aam a2200277 4500 | ||
|---|---|---|---|
| 005 | 20260311184533.0 | ||
| 008 | 150227b2010 xxu||||| |||| 00| 0 ES d | ||
| 020 | _a9977130817 | ||
| 041 | _aESP | ||
| 082 | _a364.153 C8374L6 | ||
| 100 | _aCosta Rica. Leyes, decretos, etc | ||
| 245 | _aLey contra el hostigamiento sexual en el empleo y la docencia | ||
| 250 | _a6 edición | ||
| 260 | _aCosta Rica | ||
| 260 | _bIJSA | ||
| 260 | _c2010 | ||
| 300 | _a25 páginas | ||
| 490 | _aInvestigación Criminal | ||
| 650 | _aDELITOS SEXUALES | ||
| 650 | _aCOSTA RICA | ||
| 650 | _aDELITOS CONTRA LA MUJER | ||
| 650 | _aDERECHO LABORAL | ||
| 650 | _aACOSO SEXUAL | ||
| 650 | _aHOSTIGAMIENTO SEXUAL | ||
| 942 |
_cBK _2ddc |
||
| 999 |
_c3476 _d3476 |
||